| 000 | 00786nam a2200265Ia 4500 | ||
|---|---|---|---|
| 003 | OSt | ||
| 005 | 20220926010620.0 | ||
| 006 | a|||||r|||| 00| 0 | ||
| 007 | ta | ||
| 008 | 220923b |||||||| |||| 00| 0 eng d | ||
| 020 | _a0300018614 | ||
| 037 | _cGeneral Book | ||
| 040 |
_aRTL _cRTL _beng |
||
| 041 |
_2eng _aeng |
||
| 082 | _aY48.420m73.N7, L5 | ||
| 100 |
_aAustin Lewis _9121996 |
||
| 245 | 0 |
_aSaints and samurai _b The political culture of the American & Japanese |
|
| 260 |
_aNew Haven _bYale University Press _c1975 |
||
| 300 |
_av11, 197p _ccm. |
||
| 490 | _aYale Studies in Polititcal Science. 27 | ||
| 500 | _aIndex195-97p. | ||
| 650 | _aElites | ||
| 942 |
_hY48.420m73.N7, L5 _cGB _2CC |
||
| 999 |
_c617771 _d617771 |
||